00757cam a22002297a 4500003000500000005001700005008004100022010000800063011000900071035000800080040000900088100003500097245011100132260004000243300001000283500001000293502007500303650003000378650004300408650003400451650004200485CHAP20220329132954.0971013s1989 r 00010 d a819 a1791 a968 cCHAP00aLópez Gómez, José Lauro. 0aEvaluación técnico-económica de una explotación ganadera de doble propósito en el trópico seco aChapingo, Méx. :bEl autor,c1989 a56 h. a39-43 aTesis (Ing. Agr. Esp. en Zootecnia) -- UACH. Departamento de Zootecnia 4aGanado vacunoxCría de.14aGanado lecheroxAspectos económicos.14aGanado lecheroxProducción.14aGanado vacunoxAspectos económicos.